<?xml version="1.0" encoding="UTF-8"?>
<collection xmlns="http://www.loc.gov/MARC21/slim">
 <record>
  <leader>00619pamaa2200181   4500</leader>
  <controlfield tag="001">0000019070</controlfield>
  <controlfield tag="005">20060523090000.0</controlfield>
  <datafield tag="020" ind1="0" ind2="0">
   <subfield code="a">0520046153 </subfield>
  </datafield>
  <datafield tag="082" ind1=" " ind2=" ">
   <subfield code="a">945 STA 1982</subfield>
  </datafield>
  <datafield tag="090" ind1="0" ind2="0">
   <subfield code="a">DG530 </subfield>
   <subfield code="b">STA 1982</subfield>
  </datafield>
  <datafield tag="100" ind1="1" ind2="0">
   <subfield code="a">STARN </subfield>
  </datafield>
  <datafield tag="245" ind1="1" ind2="0">
   <subfield code="a">Contrary commonwealth : </subfield>
   <subfield code="b">the theme of exile in medieval and renaissance Italy  </subfield>
   <subfield code="c">Randolph Starn.</subfield>
  </datafield>
  <datafield tag="260" ind1="0" ind2="0">
   <subfield code="a">Berkeley: </subfield>
   <subfield code="b">University of California Press, </subfield>
   <subfield code="c">1982.</subfield>
  </datafield>
  <datafield tag="300" ind1=" " ind2=" ">
   <subfield code="a">xv, 207p.: </subfield>
   <subfield code="b">24cm.</subfield>
  </datafield>
  <datafield tag="650" ind1="0" ind2="0">
   <subfield code="a">Exiles -- </subfield>
   <subfield code="x">History -- </subfield>
   <subfield code="z">Italy </subfield>
  </datafield>
  <datafield tag="650" ind1="0" ind2="0">
   <subfield code="a">Refugees, Political -- </subfield>
   <subfield code="x">History -- </subfield>
   <subfield code="z">Italy </subfield>
  </datafield>
  <datafield tag="651" ind1="0" ind2="0">
   <subfield code="a">Italy -- </subfield>
   <subfield code="x">History -- </subfield>
   <subfield code="y">1268-1492 </subfield>
  </datafield>
  <datafield tag="651" ind1="0" ind2="0">
   <subfield code="a">Italy -- </subfield>
   <subfield code="x">History -- </subfield>
   <subfield code="y">1492-1559 </subfield>
  </datafield>
 </record>
</collection>
